| 000 | 00514nam a2200133Ia 4500 | ||
|---|---|---|---|
| 008 | 170221s9999 xx 000 0 und d | ||
| 100 | _aQurrat-ul-ain Sultan | ||
| 245 | _aDifferent factors of Work Life Balance Affecting Employee Job Satisfaction: A Study of Banking Sector of Sargodha Region | ||
| 245 | _cQurrat-ul-ain Sultan, Junaid Aftab, Saif ul Amin, Uzma Anjum | ||
| 260 | _c2012 | ||
| 300 | _a32 : 15 | ||
| 650 | _xBusiness | ||
| 856 | _uhttp://absronline.org/journals/index.php/eimj/article/view/635/656 | ||
| 999 |
_c311348 _d311348 |
||